Basic pharmacology in medicine / (Record no. 1483)

MARC details
000 -LEADER
fixed length control field 01267pam a2200373 i 4500
001 - CONTROL NUMBER
control field data
005 - DATE AND TIME OF LATEST TRANSACTION
control field 20260322212102.0
008 - FIXED-LENGTH DATA ELEMENTS--GENERAL INFORMATION
fixed length control field data
035 ## - SYSTEM CONTROL NUMBER
System control number 1273667
010 ## - LIBRARY OF CONGRESS CONTROL NUMBER
LC control number 75043614
020 ## - INTERNATIONAL STANDARD BOOK NUMBER
International Standard Book Number 007017010X
035 ## - SYSTEM CONTROL NUMBER
-- (DLC) 75043614
040 ## - CATALOGING SOURCE
Original cataloging agency DLC
Transcribing agency DLC
Modifying agency DLC
050 00 - LIBRARY OF CONGRESS CALL NUMBER
Classification number RM300
Item number .B29
060 ## - NATIONAL LIBRARY OF MEDICINE CALL NUMBER
Classification number QV4 D596b
082 00 - DEWEY DECIMAL CLASSIFICATION NUMBER
Classification number 615/.7
245 00 - TITLE STATEMENT
Title Basic pharmacology in medicine /
Statement of responsibility, etc. Joseph R. DiPalma, editor, Richard G. Sample, editorial coordinator, contributing editors, Benjamin Calesnick ... [et al.].
260 ## - PUBLICATION, DISTRIBUTION, ETC.
Place of publication, distribution, etc. New York :
Name of publisher, distributor, etc. McGraw-Hill,
Date of publication, distribution, etc. c1976.
300 ## - PHYSICAL DESCRIPTION
Extent xii, 420 p. :
Other physical details ill. ;
Dimensions 24 cm.
336 ## - CONTENT TYPE
Content type term text
Content type code txt
Source rdacontent
337 ## - MEDIA TYPE
Media type term unmediated
Media type code n
Source rdamedia
338 ## - CARRIER TYPE
Carrier type term volume
Carrier type code nc
Source rdacarrier
500 ## - GENERAL NOTE
General note "A Blakiston publication."
500 ## - GENERAL NOTE
General note Based on the 4th ed. of V. A. Drill's Pharmacology in medicine.
500 ## - GENERAL NOTE
General note Includes index.
504 ## - BIBLIOGRAPHY, ETC. NOTE
Bibliography, etc. note Bibliography: p. 397-406.
650 #0 - SUBJECT ADDED ENTRY--TOPICAL TERM
Topical term or geographic name entry element Pharmacology.
650 #2 - SUBJECT ADDED ENTRY--TOPICAL TERM
Topical term or geographic name entry element Pharmacology.
700 1# - ADDED ENTRY--PERSONAL NAME
Personal name DiPalma, Joseph R.
700 1# - ADDED ENTRY--PERSONAL NAME
Personal name Drill, Victor Alexander,
Dates associated with a name 1916-
Relator term ed.
Title of a work Pharmacology in medicine.
906 ## - LOCAL DATA ELEMENT F, LDF (RLIN)
a 7
b cbc
c orignew
d 1
e ocip
f 19
g y-gencatlg
991 ## -
-- c-GenColl
-- RM300
-- .B29
-- Copy 1
-- BOOKS
Holdings
Withdrawn status Lost status Damaged status Not for loan Home library Current library Shelving location Date acquired Total checkouts Full call number Barcode Date last seen Price effective from Koha item type
        Riverside Riverside General stacks 22/03/2026   615/.7 LOC-RPL-00030 22/03/2026 22/03/2026 Books